| 000 | 00606nam a22002417a 4500 | ||
|---|---|---|---|
| 003 | UA-OsUOA | ||
| 001 | 325 | ||
| 007 | ta | ||
| 008 | 20050525b un ||||| |||| 00| 0 ukr d | ||
| 100 | _aБыков В. | ||
| 090 |
_a821.161.3 _bБ95 |
||
| 942 | _cBK | ||
| 040 |
_aUA-OsUOA _brus _cUA-OsUOA _dUA-OsUOA |
||
| 245 | _aПовести | ||
| 300 | _a416 с. | ||
| 955 | _a3 | ||
| 041 | _arus | ||
| 080 | _a821.161.3 | ||
| 020 | _a5-330-00779-8 | ||
| 260 |
_aК. _bРадянська школа _c1989 |
||
| 650 | 7 |
_a82 Література. Літературознавство _2UDC |
|
| 999 |
_c286495 _d286495 |
||